000 01182cam a2200289 a 4500
001 2579485
005 20230322144943.0
008 960430s1997 enka b 001 0 eng
010 _a 96022511
020 _a0521550726 (hardback)
040 _aDLC
_cDLC
_dDLC
050 0 0 _aTL1050
_b.S46 1997
082 0 0 _a629.41
_220
_bSID
100 1 _aSidi, Marcel J.
_9111114
245 1 0 _aSpacecraft dynamics and control :
_ba practical engineering approach /
_cMarcel J. Sidi.
260 _aCambridge ;
_aNew York :
_bCambridge University Press,
_c1997.
300 _axvii, 409 p. :
_bill. ;
_c26 cm.
440 0 _aCambridge aerospace series ;
_v7
_91803
504 _aIncludes bibliographical references and index.
650 0 _aSpace vehicles
_xDynamics.
_92485
650 0 _aSpace vehicles
_xControl systems.
_9110551
856 4 2 _3Publisher description
_uhttp://www.loc.gov/catdir/description/cam027/96022511.html
856 4 1 _3Table of contents
_uhttp://www.loc.gov/catdir/toc/cam025/96022511.html
906 _a7
_bcbc
_corignew
_d1
_eocip
_f19
_gy-gencatlg
942 _2ddc
_cBK
999 _c594096
_d594096